Loading...
| History - Euro History | 1 | 2 | 0 | 0 | 35 | 41 | 72.33 | 1 | 3 |
| History - Other History | 1 | 2 | 0 | 1 | 35 | 67 | 88.33 | 2 | 3 |
| Arts - Music | 1 | 2 | 2 | 2 | 25 | 65 | 102.00 | 2 | 3 |
| History - World History | 0 | 2 | 0 | 1 | 20 | 84 | 100.50 | 2 | 2 |
| Other - Other Academic | 0 | 2 | 0 | 0 | 20 | 94 | 98.50 | 2 | 2 |
| Beliefs - Religion | 0 | 2 | 0 | 0 | 20 | 72 | 78.00 | 1 | 2 |
| Literature - British Lit | 0 | 1 | 0 | 0 | 10 | 96 | 96.00 | 1 | 1 |
| Literature - Euro Lit | 0 | 1 | 0 | 1 | 10 | 136 | 136.00 | 0 | 1 |
| Beliefs - Mythology | 0 | 1 | 1 | 0 | 5 | 111 | 111.00 | 1 | 1 |
| Arts - Painting | 0 | 1 | 1 | 0 | 5 | 92 | 92.00 | 1 | 1 |
| Other - Geo/CE | 0 | 1 | 1 | 0 | 5 | 74 | 74.00 | 1 | 1 |
| History - American History | 0 | 0 | 0 | 0 | 0 | 0.00 | 0 | 0 | |
| Arts - Other Arts | 0 | 0 | 0 | 0 | 0 | 0.00 | 0 | 0 | |
| Literature - World Lit | 0 | 0 | 1 | 0 | -5 | 0.00 | 0 | 0 | |
| Other - Pop Culture | 0 | 0 | 1 | 0 | -5 | 0.00 | 0 | 0 |